Normal view
MARC view
- Bhimanwar Vedanti- 2k241075& Prof. Ranjana Gogate – Guide
Entry Personal Name
001 - CONTROL NUMBER
- control field: 216448
003 - CONTROL NUMBER IDENTIFIER
- control field: OSt
005 - DATE AND TIME OF LATEST TRANSACTION
- control field: 20260123114826.0
008 - FIXED-LENGTH DATA ELEMENTS
- fixed length control field: 260123|| aca||aabn | a|a d
040 ## - CATALOGING SOURCE
- Original cataloging agency: OSt
- Transcribing agency: OSt
100 ## - HEADING--PERSONAL NAME
- Personal name: Bhimanwar Vedanti- 2k241075& Prof. Ranjana Gogate – Guide
670 ## - SOURCE DATA FOUND
- Source citation: Work cat.: (OSt)370087: Bhimanwar Vedanti- 2k241075& Prof. Ranjana Gogate – Guide, A Study of Non-Performing Assets (NPA) Management with Reference to Vidarbha Merchants Urban Co-Operative Bank, 2025